Normal view
MARC view
Entry Topical Term
001 - CONTROL NUMBER
- control field: 44338
003 - CONTROL NUMBER IDENTIFIER
- control field: dpl
005 - DATE AND TIME OF LATEST TRANSACTION
- control field: 20120327111737.0
008 - FIXED-LENGTH DATA ELEMENTS
- fixed length control field: 120327|||a|||||| | ||| d
040 ## - CATALOGING SOURCE
- Original cataloging agency: dpl
- Transcribing agency: dpl
150 ## - HEADING--TOPICAL TERM
- Topical term or geographic name as entry element: Nonrelativistic quantum mechanics
670 ## - SOURCE DATA FOUND
- Source citation: Work cat.: (dpl): 44300 Krori, K.D., Principles of non-relativistic and relativistic quantum mechanics /, 2012
670 ## - SOURCE DATA FOUND
- Source citation: Work cat.: (dpl): 44300 Krori, K.D., Principles of non-relativistic and relativistic quantum mechanics /, 2012
